| 000 | 00700nam a2200205 i 4500 | ||
|---|---|---|---|
| 001 | 172484 | ||
| 003 | ES-MaACL | ||
| 005 | 20230906214930.0 | ||
| 008 | 090709s1987 fr |||| | fre d | ||
| 020 | _a2-85802-827-3 | ||
| 080 | _a94(460).021 | ||
| 080 | _a930.85(460=411.21) | ||
| 100 | 1 |
_aGaraudy, Roger. _953935 |
|
| 245 | 1 | 0 |
_aL'Islam en Occident _b: Cordoue, une capital de l'esprit / _cRoger Garaudy. |
| 260 |
_aParis : _bL'Harmattan, _c[1987] |
||
| 300 |
_a246 p. ; _c22 cm. |
||
| 651 | 4 |
_aAl-Andalus- _xHistoria- _y929-1031, Califato de Córdoba. _97611 |
|
| 651 | 4 |
_aAl-Andalus- _xCivilización. _97608 |
|
| 852 |
_aES-MaACL _jE-12799 _9R.139404 _z.- Biblioteca Jacinto Martínez Lacalle |
||
| 999 |
_c172484 _d172484 |
||